000 00746nam a2200229 a 4500
001 13854
003 BD-JhCC
005 20240423124143.0
008 181026b19892007bg |||| ||a| 000 0 ben d
020 _a984842077x
035 _a(BD-JhCC)13854
040 _aBD-JhCC
_dBD-JhCC
041 _abengali
082 _a297
_bISL 2007
100 _a ইসলাম,এ. এন. এম. সিরাজুল
245 _aমক্কা শরীফের ইতিকথা /
_cএ. এন. এম. সিরাজুল ইসলাম ।
_b
260 _aঢাকা:
_bবাংলাদেশ ইসলামিক সেন্টার;
_c2007.
300 _a588 p. :
_c22 cm.
650 _aIslamic
942 _2ddc
_cBK
999 _c13854
_d13854